An outline of psycho-analysis /
Gorde:
| Egile nagusia: | |
|---|---|
| Formatua: | Ezezaguna |
| Hizkuntza: | Spanish English |
| Argitaratua: |
New York :
W.W. Norton,
1949.
|
| Gaiak: | |
| Etiketak: |
Etiketa erantsi
Etiketarik gabe, Izan zaitez lehena erregistro honi etiketa jartzen!
|
MARC
| LEADER | 000000000a22000000004500 | ||
|---|---|---|---|
| 001 | 012068 | ||
| 008 | 171109b xxu||||| |||| 00| 0 spa d | ||
| 041 | 0 | |a eng | |
| 082 | 0 | 4 | |a 131.34 |b F8897bu |
| 100 | 1 | |a Freud, Sigmund, |d 1856-1939 | |
| 245 | 1 | 0 | |a An outline of psycho-analysis / |c Sigmund Freud. |
| 246 | 3 | 1 | |a Un esquema del psicoanálisis |
| 260 | 1 | |a New York : |b W.W. Norton, |c 1949. | |
| 300 | |a 75 páginas | ||
| 500 | |a Material disponible en BCMA | ||
| 500 | |a Colección George Yúdice | ||
| 650 | 4 | |a PSICOANALISIS | |
| 942 | |c BK |2 ddc | ||
| 999 | |c 18082 |d 18082 | ||
